[Event "IRQ-ch"]
[Site "Baghdad"]
[Date "2022.08.27"]
[Round "7"]
[White "Al Nakash, Rami Abdulrazak"]
[Black "Younis, Ali Hussein"]
[Result "1-0"]
[WhiteElo "1763"]
[BlackElo "1572"]
[PlyCount "67"]
[EventDate "2022.08.24"]
[EventType "swiss"]
[EventRounds "9"]
[EventCountry "IRQ"]
[SourceTitle "CBM 210 Extra"]
[Source "ChessBase"]
[SourceDate "2022.11.30"]
[SourceVersion "1"]
[SourceVersionDate "2022.11.30"]
[SourceQuality "1"]

1. e4 d6 2. d4 Nf6 3. Nc3 Nbd7 4. Nf3 c6 5. e5 dxe5 6. dxe5 Ng4 7. Bf4 Qb6 8. Qd2 e6 9. h3 Nxf2 10. Be3 Ne4 11. Nxe4 Qxb2 12. Bd4 Qa3 13. Nd6+ Bxd6 14. exd6 Qxd6 15. Be5 Qc5 16. Bxg7 Rg8 17. Bd4 Qd6 18. 0-0-0 b5 19. Bb2 Qc7 20. Ne5 a5 21. Qd6 Qxd6 22. Rxd6 Nxe5 23. Bxe5 Bd7 24. Bd3 f5 25. Rd1 Ra7 26. g3 a4 27. Be2 Ke7 28. Bf3 Rc8 29. Bf4 Rcc7 30. R6d3 Rcb7 31. Be3 Ra8 32. Bg5+ Kf7 33. Rxd7+ Rxd7 34. Rxd7+ 1-0

[Event "IRQ-ch"]
[Site "Baghdad"]
[Date "2022.08.25"]
[Round "3"]
[White "Rasoul, Salman Jmoah"]
[Black "Younis, Ali Hussein"]
[Result "1-0"]
[WhiteElo "1942"]
[BlackElo "1572"]
[PlyCount "94"]
[EventDate "2022.08.24"]
[EventType "swiss"]
[EventRounds "9"]
[EventCountry "IRQ"]
[SourceTitle "CBM 210 Extra"]
[Source "ChessBase"]
[SourceDate "2022.11.30"]
[SourceVersion "1"]
[SourceVersionDate "2022.11.30"]
[SourceQuality "1"]

1. e4 e5 2. Nf3 Nc6 3. Bb5 Bc5 4. 0-0 Nf6 5. d3 Nd4 6. Nxd4 Bxd4 7. c3 Bb6 8. Bg5 h6 9. Be3 0-0 10. Bxb6 axb6 11. Nd2 d6 12. f4 Qe7 13. Bc4 c6 14. Qf3 d5 15. exd5 cxd5 16. Bb3 e4 17. dxe4 dxe4 18. Qe3 Bf5 19. Qxb6 Ra6 20. Qe3 Ng4 21. Qe2 Rg6 22. h3 Nf6 23. Kh1 Rd8 24. Nc4 Rd3 25. Ne5 Rgg3 26. Nxd3 Rxd3 27. Rad1 Rg3 28. Kh2 Rg6 29. Qb5 Bd7 30. Qe5 Qd8 31. Rd4 Qc8 32. Rfd1 Kh7 33. Bxf7 Rxg2+ 34. Kxg2 Bxh3+ 35. Kh1 Qg4 36. Bg6+ Qxg6 37. Rg1 Bg4 38. Kh2 e3 39. Qxe3 Qh5+ 40. Kg2 Bf5 41. Kf1 Ng4 42. Rxg4 Bxg4 43. Qe4+ Bf5 44. Qxb7 Qh3+ 45. Qg2 Qe3 46. Qf2 Bh3+ 47. Kg1 Qe6 1-0